| 000 | 00343nam a22001457a 4500 | ||
|---|---|---|---|
| 008 | 230316b ||||| |||| 00| 0 eng d | ||
| 020 | _a9780697057617 | ||
| 041 | _aeng | ||
| 080 |
_2FIFTH EDITION _a579 |
||
| 082 | _a579BEN | ||
| 100 | _a17 | ||
| 101 | _aMICROBIOLO | ||
| 245 |
_aMICROBIOLOGICAL APPLICATIONS _cBENSON.J.H |
||
| 942 |
_2udc _cBK |
||
| 999 |
_c59370 _d59370 |
||